000 00504 a2200181 4500
003 OSt
005 20231208092907.0
008 231207b |||||||| |||| 00| 0 eng d
020 _a9789355490186
040 _coclc
082 _a894.8128
_bCHA/M
100 _aChandran, Bipin
_99964
245 _aMahaanadan /
_cBipin Chandran
250 _a1st ed.
260 _aKozhikode:
_bMathrubhumi Books,
_c2021.
300 _a184p.
942 _2ddc
_cBK
_h894.8128
_iCHA/M
_k894.8128
_mCHA/M
999 _c44038
_d44038